000 aam a22 a 4500
999 _c2326
_d2326
003 AKMAL
005 20170516161803.0
008 170516s1975 us 00 eng d
020 _a0070253358
040 _aAKMAL
082 0 4 _a428.2 GUT
090 2 0 _a428.2
_bGUT
100 1 _aGuth, Hans Paul,
_d1926-
_94856
245 1 0 _aAmerican English today :
_bthe Tools Of English /
_cEdgar H. Schuster and senior author Hans P. Guth
250 _a2nd Edition
260 _aNew York :
_bWebster Division,
_c1975
300 0 0 _a528p. :
_bill. ;
_c24cm
500 _aIndex: p.521-528
650 0 _aEnglish language
_xGrammar
_94827
650 0 _aEnglish language
_xComposition and exercises
_94783
942 _2ddc
_cBOOK